[Event "23rd European Women Club Cup 2018"]
[Site "Halkidiki"]
[Date "2018.10.15"]
[Round "4"]
[White "Cramling, Pia"]
[Black "Paehtz, Elisabeth"]
[Result "1-0"]
[WhiteElo "2465"]
[BlackElo "2513"]
[Annotator "ChessBase"]
[PlyCount "71"]
[EventDate "2018.10.12"]
[EventType "team-tourn"]
[EventCountry "GRE"]
[SourceTitle "playchess.com"]
[Source "ChessBase"]
[SourceQuality "1"]
[WhiteTeam "Monte-Carlo"]
[BlackTeam "Pentole Agnelli"]
[TimeControl "40/5400+30:1800+30"]

1. d4 {[%emt 0:00:00]} d5 {[%emt 0:00:00]} 2. c4 {[%emt 0:01:28]} c6 {[%emt 0:00:00]} 3. cxd5 {[%emt 0:01:12]} cxd5 {[%emt 0:00:00]} 4. Bf4 {[%emt 0:00:22]} Nc6 {[%emt 0:00:00]} 5. Nc3 {[%emt 0:00:29]} e5 {[%emt 0:00:00]} 6. dxe5 {[%emt 0:01:01]} d4 {[%emt 0:00:00]} 7. Ne4 {[%emt 0:00:12]} Qa5+ {[%emt 0:00:58]} 8. Nd2 {[%emt 0:01:04]} Nge7 {[%emt 0:03:11]} 9. Ngf3 {[%emt 0:07:53]} Nd5 {[%emt 0:00:04]} 10. g3 {[%emt 0:00:34]} h6 {[%emt 0:00:02]} 11. h4 {[%emt 0:00:20]} Be6 {[%emt 0:01:11]} 12. Bh3 {[%emt 0:06:41]} Be7 {[%emt 0:18:43]} 13. Kf1 {[%emt 0:08:25]} Bxh3+ {[%emt 0:08:39]} 14. Rxh3 {[%emt 0:00:10]} O-O-O {[%emt 0:06:20]} 15. Nb3 {[%emt 0:10:22]} Qb6 {[%emt 0:01:04]} 16. Kg2 {[%emt 0:01:51]} Kb8 {[%emt 0:16:11]} 17. h5 {[%emt 0:14:18]} a5 {[%emt 0:03:44]} 18. Rb1 {[%emt 0:04:13]} Rhg8 {[%emt 0:14:41]} 19. Qd3 {[%emt 0:16:23]} Nxf4+ {[%emt 0:06:29]} 20. gxf4 {[%emt 0:00:06]} a4 {[%emt 0:00:25]} 21. Nc1 {[%emt 0:02:23]} Nb4 {[%emt 0:01:34]} 22. Qe4 {[%emt 0:00:59]} Nd5 {[%emt 0:07:42]} 23. Rg3 {[%emt 0:09:58]} f5 {[%emt 0:01:10]} 24. exf6 {[%emt 0:00:19]} Bxf6 {[%emt 0:00:04]} 25. Ne5 {[%emt 0:01:04]} Qb5 {[%emt 0:02:14]} 26. Ncd3 {[%emt 0:06:53]} Nc3 {[%emt 0:00:20]} 27. bxc3 {[%emt 0:00:07]} Qxb1 {[%emt 0:00:02]} 28. cxd4 {[%emt 0:00:37]} Qxa2 {[%emt 0:04:27]} 29. Nb4 {[%emt 0:00:25]} Qb2 {[%emt 0:00:07]} 30. d5 {[%emt 0:00:29]} Rge8 {[%emt 0:04:46]} 31. Re3 {[%emt 0:00:06]} a3 {[%emt 0:00:39]} 32. Qc4 {[%emt 0:00:41]} Bxe5 {[%emt 0:00:38]} 33. fxe5 {[%emt 0:04:48]} Rxe5 {[%emt 0:00:20]} 34. Qf4 {[%emt 0:00:25]} a2 {[%emt 0:00:38]} 35. Nxa2 {[%emt 0:00:23]} Rdxd5 {[%emt 0:00:31]} 36. Nc3 {[%emt 0:00:36]} 1-0

[Event "23rd European Women Club Cup 2018"]
[Site "Halkidiki"]
[Date "2018.10.15"]
[Round "4"]
[White "Cornette, Deimante"]
[Black "Brunello, Marina"]
[Result "1-0"]
[WhiteElo "2462"]
[BlackElo "2294"]
[Annotator "TA"]
[PlyCount "103"]
[EventDate "2018.10.12"]
[EventType "team-tourn"]
[EventCountry "GRE"]
[SourceTitle "playchess.com"]
[Source "ChessBase"]
[SourceQuality "1"]
[WhiteTeam "Monte-Carlo"]
[BlackTeam "Pentole Agnelli"]

{[%evp 18,103,0,0,0,0,0,-18,0,-8,0,0,0,-3,0,0,0,-35,-33,-32,-25,-32,-27,-39,-51,-39,-39,-45,0,-45,-30,-33,-20,-51,-36,-51,-18,-45,33,45,41,30,69,70,120,76,149,78,110,56,241,186,235,197,233,139,279,290,595,585,696,675,624,245,273,245,365,240,402,409,465,327,614,608,583,584,581,584,580,573,535,564,518,511,625,604,570,555]} 1. e4 c5 2. Nf3 d6 3. d4 cxd4 4. Nxd4 Nf6 5. Nc3 a6 6. Be2 e5 7. Nf3 Be7 8. Bg5 Be6 {B92: Sicilian Najdorf: 6 Be2} (8... Nbd7 9. a4 h6 10. Be3 Ng4 11. Bc1 Ngf6 12. O-O Nc5 13. Nd2 Be6 14. b3 O-O 15. Bb2 Qc7 16. Bf3 Rfd8 {0-1 (72) Grischuk,A (2766)-Vachier Lagrave,M (2779) Saint Louis 2018}) 9. Bxf6 Bxf6 10. Qd2 {LiveBook: 5 Games} Be7 {The position is equal.} 11. O-O $146 ({Predecessor:} 11. Nd5 Nd7 12. Nxe7 Qxe7 13. Ng5 Nf6 14. Nxe6 fxe6 15. Bd3 O-O 16. c3 {1-0 (77) Hovhannisyan,R (2601)-Indjic,A (2623) Batumi 2018}) 11... Nd7 12. Rfd1 Nf6 13. Ng5 Rc8 (13... Bd7 {feels hotter.} 14. Bc4 O-O 15. Nf3 b5 16. Bb3 Rb8) 14. Nxe6 fxe6 15. Qe3 O-O 16. Qh3 Qd7 17. Rd3 b5 18. a3 Bd8 19. Rad1 Rc6 20. Bf3 Bb6 21. R1d2 Qe7 22. Nd1 Nd7 23. Ne3 Bd4 24. c3 Bb6 {Threatens to win with ...Nc5.} 25. Re2 Rf4 26. Nc2 a5 27. Bg4 Nf8 (27... Rf6 $15) 28. Rf3 $14 Rxf3 29. Qxf3 Ng6 30. g3 a4 31. Qd3 Rc5 (31... Rc4 $142) 32. Nb4 (32. Rd2 $142 d5 33. exd5 exd5 34. Nb4) 32... Rc4 33. Bh3 (33. Nd5 $16 exd5 34. Qxd5+ Kf8 35. Qxb5) 33... Bc5 $2 (33... Nh8 $1 $14) 34. Rd2 Nf8 35. Bf1 Qg5 {[#]} 36. Rd1 (36. Na6 $1 $18) 36... Qg4 (36... Qf6 $16 37. Rd2 Qg5) 37. Be2 $18 Qh3 $2 (37... Qg6 {is a better chance.} 38. Na6 Ba7 39. Qxd6 Rc8 40. Qxe5 Qf7) 38. Qf3 Ng6 39. Bxc4 bxc4 40. Qg2 $2 (40. Qe2) 40... Qg4 41. Re1 Qg5 (41... Nh8 $142 42. Qf1 Nf7) 42. Kf1 Ne7 $2 (42... Qe7 43. Qf3 Bb6) 43. Qf3 Qd2 44. Qe2 Qh6 $2 (44... Qxe2+ 45. Kxe2 Kf7) 45. Qxc4 {White is clearly winning.} Qxh2 {[%csl Gc5][%cal Rh2f2] [#]} 46. Qxe6+ Kf8 {[%csl Gc5][%cal Rh2f2]} 47. Nd3 Qh1+ 48. Ke2 Qxe4+ 49. Kd2 Qf3 50. Re2 Qb7 51. Kc1 Qh1+ 52. Re1 {Precision: White = 54%, Black = 29%.} 1-0

[Event "23rd European Women Club Cup 2018"]
[Site "Halkidiki"]
[Date "2018.10.15"]
[Round "4"]
[White "Ushenina, Anna"]
[Black "Shvayger, Yuliya"]
[Result "0-1"]
[WhiteElo "2451"]
[BlackElo "2375"]
[Annotator "ChessBase"]
[PlyCount "84"]
[EventDate "2018.10.12"]
[EventType "team-tourn"]
[EventCountry "GRE"]
[SourceTitle "playchess.com"]
[Source "ChessBase"]
[SourceQuality "1"]
[WhiteTeam "Ugra"]
[BlackTeam "Beer Sheva"]
[TimeControl "40/5400+30:1800+30"]

1. Nf3 {[%emt 0:00:00]} Nf6 {[%emt 0:00:00]} 2. c4 {[%emt 0:00:06]} g6 {[%emt 0:00:00]} 3. Nc3 {[%emt 0:00:04]} Bg7 {[%emt 0:00:14]} 4. e4 {[%emt 0:00:06]} d6 {[%emt 0:00:09]} 5. d4 {[%emt 0:00:16]} O-O {[%emt 0:00:10]} 6. Be2 {[%emt 0:00:21]} e5 {[%emt 0:00:11]} 7. d5 {[%emt 0:00:19]} a5 {[%emt 0:04:09]} 8. Bg5 {[%emt 0:00:21]} Na6 {[%emt 0:02:11]} 9. Nd2 {[%emt 0:00:17]} Nc5 {[%emt 0:00:39]} 10. O-O {[%emt 0:18:28]} h6 {[%emt 0:03:12]} 11. Be3 {[%emt 0:00:57]} Nfd7 {[%emt 0:02:43]} 12. Qc2 {[%emt 0:01:48]} b6 {[%emt 0:08:39]} 13. Rab1 {[%emt 0:12:13]} f5 {[%emt 0:15:40]} 14. exf5 {[%emt 0:00:27]} gxf5 {[%emt 0:00:02]} 15. f4 {[%emt 0:00:13]} e4 {[%emt 0:00:17]} 16. Nb5 {[%emt 0:03:23]} Nf6 {[%emt 0:01:56]} 17. h3 {[%emt 0:02:55]} Bd7 {[%emt 0:00:29]} 18. Nd4 {[%emt 0:00:14]} Kh8 {[%emt 0:08:16]} 19. Rbd1 {[%emt 0:13:25]} Qe8 {[%emt 0:04:00]} 20. Kh2 {[%emt 0:03:56]} Qg6 {[%emt 0:01:29]} 21. Rg1 {[%emt 0:01:16]} Rae8 {[%emt 0:03:19]} 22. Nf1 {[%emt 0:01:54]} h5 {[%emt 0:06:03]} 23. g3 {[%emt 0:07:36]} Bh6 {[%emt 0:01:50]} 24. Kh1 {[%emt 0:00:41]} Re7 {[%emt 0:00:53]} 25. Bf2 {[%emt 0:03:14]} Qh7 {[%emt 0:06:04]} 26. Be3 {[%emt 0:02:14]} Rg7 {[%emt 0:01:50]} 27. Qc3 {[%emt 0:03:51]} Na4 {[%emt 0:05:58]} 28. Qd2 {[%emt 0:00:15]} Nc5 {[%emt 0:00:21]} 29. b3 {[%emt 0:01:13]} Rfg8 {[%emt 0:00:56]} 30. Qc3 {[%emt 0:01:06]} Qg6 {[%emt 0:01:03]} 31. Nh2 {[%emt 0:01:06]} Qf7 {[%emt 0:02:19]} 32. Qe1 {[%emt 0:04:41]} Kh7 {[%emt 0:08:33]} 33. Qf2 {[%emt 0:01:49]} Qe7 {[%emt 0:03:48]} 34. Rg2 {[%emt 0:02:30]} Nd3 {[%emt 0:02:09]} 35. Bxd3 {[%emt 0:02:23]} exd3 {[%emt 0:00:02]} 36. Rdg1 {[%emt 0:03:36]} Ne4 {[%emt 0:01:08]} 37. Qf3 {[%emt 0:00:12]} h4 {[%emt 0:04:04]} 38. gxh4 {[%emt 0:03:32]} Qxh4 {[%emt 0:00:02]} 39. Rxg7+ {[%emt 0:00:15]} Rxg7 {[%emt 0:00:02]} 40. Nf1 {[%emt 0:00:00]} Rxg1+ {[%emt 0:00:00]} 41. Kxg1 {[%emt 0:01:23]} Qe1 {[%emt 0:07:07]} 42. Bf2 {[%emt 0:03:53]} d2 {[%emt 0:04:02]} 0-1

[Event "23rd European Women Club Cup 2018"]
[Site "Halkidiki"]
[Date "2018.10.15"]
[Round "4"]
[White "Zimina, Olga"]
[Black "Socko, Monika"]
[Result "0-1"]
[WhiteElo "2431"]
[BlackElo "2451"]
[Annotator "TA"]
[PlyCount "111"]
[EventDate "2018.10.12"]
[EventType "team-tourn"]
[EventCountry "GRE"]
[SourceTitle "playchess.com"]
[Source "ChessBase"]
[SourceQuality "1"]
[WhiteTeam "Pentole Agnelli"]
[BlackTeam "Monte-Carlo"]

{[%evp 17,111,-10,0,-12,-14,-28,-12,-17,-17,-14,-25,-21,-12,-24,-13,-30,-26,-26,-24,-25,-27,-24,-22,-30,-18,-50,-14,-26,-5,-50,-20,-110,-57,-154,-149,-171,-170,-200,-158,-154,-173,-150,-173,-166,-156,-169,-164,-183,-187,-212,-124,-175,-136,-193,-178,-188,-182,-309,-309,-415,-408,-366,-366,-439,-439,-431,-423,-398,-327,-333,-295,-272,-272,-238,-238,-610,-584,-592,-456,-841,-635,-777,-636,-1504,-1333,-1423,-3758,-3169,-3012,-2664,-2686,-29973,-29974,-29973,-29974,-5562]} 1. c4 e5 {[%cal Be7e5,Be5e4][%mdl 32]} 2. Nc3 Nc6 3. Nf3 f5 4. d4 e4 5. d5 exf3 6. dxc6 fxg2 7. cxd7+ Qxd7 8. Qxd7+ Bxd7 9. Bxg2 c6 {LiveBook: 9 Games. A27: English Opening: Three Knights Variation} 10. b3 Nf6 11. Bb2 Bc5 $146 {Black has an edge.} ({Predecessor:} 11... O-O-O 12. Rd1 Be7 13. O-O Be6 {½-½ (13) Moussard,J (2576)-Andreikin,D (2712) Karlsruhe 2018}) 12. Na4 Bb4+ 13. Bc3 Bxc3+ 14. Nxc3 O-O-O 15. Rd1 Be6 16. O-O Rxd1 (16... Kc7 {keeps more tension.} 17. e3 g5 18. Ne2 Rhe8 19. Rxd8 Rxd8 20. Nd4 Bd7) 17. Rxd1 Rd8 18. Rxd8+ Kxd8 $11 {[%mdl 4096] Endgame KBN-KBN} 19. Na4 Kc7 20. Nc5 Bc8 21. f4 Kd6 22. Nd3 Ne4 23. e3 a5 {[%cal Ba7a5,Ba5a4][%mdl 32]} 24. Bf3 {[#]} (24. Kf1 $11 {keeps the balance.}) 24... Be6 (24... a4 $1 $17 {[%mdl 512]}) 25. Bh5 (25. Kf1 $15) 25... Nc3 26. Nc1 a4 27. Kf2 b5 28. cxb5 cxb5 29. bxa4 bxa4 30. a3 Bc4 ({Much less strong is} 30... Ne4+ 31. Ke1 $15) 31. Be8 Kc5 32. Ke1 Bb5 33. Bf7 {[#]} Kd6 (33... Nb1 $1 $19 34. Be6 g6) 34. Ba2 (34. Nd3 $17) 34... Bd7 35. Bg8 {[#]} (35. Kd2 $17 Nb5 36. Nd3) 35... h6 $1 $19 36. Nd3 Nb1 37. Ne5 (37. Kd1 {keeps fighting.}) 37... Nxa3 38. Nxd7 Kxd7 {KB-KN} 39. Kd2 Kd6 40. Kc3 Kc5 41. Be6 Nb5+ 42. Kb2 Nd6 43. Kc3 Ne4+ 44. Kb2 Nd2 45. Kc3 Nf1 46. Kd3 $2 (46. Bxf5 Nxe3 47. Bc8) 46... a3 47. h3 Ng3 48. Kc3 (48. h4 $142 Kb4 49. Kc2) 48... Kd6 49. Bc4 Ne4+ 50. Kd4 g5 51. Bg8 Nf2 52. Kc3 Nxh3 53. Bh7 Ke6 54. fxg5 hxg5 55. e4 f4 56. Kd4 {Precision: White = 37%, Black = 80%.} 0-1

[Event "23rd European Women Club Cup 2018"]
[Site "Halkidiki"]
[Date "2018.10.15"]
[Round "4"]
[White "Bodnaruk, Anastasia"]
[Black "Injac, Teodora"]
[Result "1/2-1/2"]
[WhiteElo "2423"]
[BlackElo "2258"]
[Annotator "NA"]
[PlyCount "91"]
[EventDate "2018.10.12"]
[EventType "team-tourn"]
[EventCountry "GRE"]
[SourceTitle "playchess.com"]
[Source "ChessBase"]
[SourceQuality "1"]
[WhiteTeam "SSHOR"]
[BlackTeam "Maribor"]
[TimeControl "40/5400+30:1800+30"]

1. e4 {[%emt 0:00:00]} e6 {[%emt 0:00:00]} 2. d4 {[%emt 0:00:00]} d5 {[%emt 0:00:00]} 3. Nc3 {[%emt 0:00:00]} Nf6 {[%emt 0:00:04]} 4. e5 {[%emt 0:00:00]} Nfd7 {[%emt 0:00:09]} 5. f4 {[%emt 0:00:00]} c5 {[%emt 0:00:06]} 6. Nf3 {[%emt 0:00:03]} Nc6 {[%emt 0:00:07]} 7. Be3 {[%emt 0:00:18]} Be7 {[%emt 0:00:33]} 8. Qd2 {[%emt 0:01:01]} O-O {[%emt 0:00:17]} 9. dxc5 {[%emt 0:02:27]} Bxc5 {[%emt 0:02:29]} 10. O-O-O {[%emt 0:00:27]} Qa5 {[%emt 0:01:32]} 11. Bxc5 {[%emt 0:02:46]} Nxc5 {[%emt 0:00:53]} 12. h4 {[%emt 0:02:00]} Bd7 {[%emt 0:18:23]} 13. Kb1 {[%emt 0:00:51]} Rfd8 {[%emt 0:20:49]} 14. Qe3 {[%emt 0:13:57]} Rac8 {[%emt 0:04:21]} 15. Nd4 {[%emt 0:10:35]} Nxd4 {[%emt 0:06:49]} 16. Rxd4 {[%emt 0:00:55]} Na4 {[%emt 0:15:54]} 17. Nxa4 {[%emt 0:02:05]} Bxa4 $14 {[%emt 0:00:04]} 18. Bd3 {[%emt 0:04:17]} Bb5 {[%emt 0:02:11]} 19. h5 {[%emt 0:02:29]} Bxd3 {[%emt 0:01:13]} 20. Qxd3 {[%emt 0:03:16]} Rc6 {[%emt 0:02:54]} 21. g4 {[%emt 0:13:14]} Rdc8 {[%emt 0:00:43]} 22. c3 {[%emt 0:00:44]} Rc4 {[%emt 0:04:20]} 23. f5 {[%emt 0:06:22]} Qb6 {[%emt 0:03:51]} 24. Ka1 {[%emt 0:07:47]} Qxd4 {[%emt 0:06:14]} 25. cxd4 {[%emt 0:01:45]} Rc1+ {[%emt 0:00:02]} 26. Qb1 {[%emt 0:00:09]} Rxb1+ {[%emt 0:00:06]} 27. Kxb1 {[%emt 0:00:01]} Rc4 {[%emt 0:02:51]} 28. Rd1 {[%emt 0:13:21]} g6 {[%emt 0:03:25]} 29. hxg6 {[%emt 0:04:44]} hxg6 {[%emt 0:00:03]} 30. fxg6 {[%emt 0:07:24]} fxg6 {[%emt 0:00:06]} 31. Rd3 {[%emt 0:00:02]} g5 {[%emt 0:01:57]} 32. b3 {[%emt 0:00:45]} Rc7 {[%emt 0:00:05]} 33. Rh3 {[%emt 0:01:28]} Rh7 {[%emt 0:01:12]} 34. Rc3 {[%emt 0:01:11]} Rf7 {[%emt 0:00:09]} 35. Rc8+ {[%emt 0:00:08]} Rf8 {[%emt 0:00:22]} 36. Rxf8+ {[%emt 0:00:41]} Kxf8 {[%emt 0:00:05]} 37. Kb2 {[%emt 0:00:30]} Ke7 {[%emt 0:00:06]} 38. Kc3 {[%emt 0:00:09]} Kd7 {[%emt 0:00:05]} 39. Kb4 {[%emt 0:00:14]} Kc6 {[%emt 0:00:57]} 40. Ka5 {[%emt 0:00:00]} Kc7 {[%emt 0:00:00]} 41. Kb5 {[%emt 0:04:33]} Kd7 {[%emt 0:04:17]} 42. a4 {[%emt 0:02:22]} Kc7 {[%emt 0:00:24]} 43. Kc5 {[%emt 0:02:23]} Kd7 {[%emt 0:01:58]} 44. a5 {[%emt 0:02:13]} Kc7 {[%emt 0:00:12]} 45. Kb5 {[%emt 0:00:14]} Kd7 {[%emt 0:00:20]} 46. Kc5 {[%emt 0:00:21]} 1/2-1/2

[Event "23rd European Women Club Cup 2018"]
[Site "Halkidiki"]
[Date "2018.10.15"]
[Round "4"]
[White "Osmak, Iulija"]
[Black "Petraki, Evaggelia"]
[Result "1-0"]
[WhiteElo "2405"]
[BlackElo "1769"]
[Annotator "TA"]
[PlyCount "73"]
[EventDate "2018.10.12"]
[EventType "team-tourn"]
[EventCountry "GRE"]
[SourceTitle "playchess.com"]
[Source "ChessBase"]
[SourceQuality "1"]
[WhiteTeam "Kyiv"]
[BlackTeam "Thessaloniki"]

{[%evp 15,73,43,49,0,0,4,22,24,25,16,23,5,5,6,12,-22,0,0,-12,-6,13,8,14,-65,17,16,57,55,55,32,188,191,280,286,376,365,429,425,418,411,395,347,374,374,384,366,466,429,702,496,558,549,838,843,1277,1263,1227,1194,1085,1050]} 1. d4 Nf6 2. Bg5 Ne4 3. Bf4 c5 4. d5 d6 5. f3 Qa5+ 6. c3 {[%cal Bc2c3,Bc3c4][%mdl 32]} Nf6 7. e4 g6 8. Qd2 {A45: Damenbauernspiele (Trompowski-Angriff)} (8. Nd2 Bg7 9. Bd3 Nbd7 10. Nc4 Qc7 11. a4 O-O 12. Ne2 {½-½ (12) Adly,A (2625)-Romanov,E (2626) Tegernsee 2017}) 8... Bg7 {LiveBook: 10 Partien} 9. c4 (9. Na3 {is more complex.} O-O 10. Bd3 Qc7 11. Ne2 Nbd7 12. O-O) 9... Qxd2+ 10. Bxd2 {Die Stellung ist ausgeglichen.} Nbd7 11. Nc3 a6 $146 ({Vorgänger:} 11... O-O 12. Nh3 Ne8 13. Be2 Nc7 14. g4 e6 15. Nf4 Ne5 {½-½ (59) Mahia,G (2364)-Pierrot,J (2449) Buenos Aires 2011}) 12. Nge2 O-O 13. Nc1 Rb8 14. a4 Ne8 15. Bd3 Nc7 16. a5 e6 17. Bc2 Ne5 18. b3 Re8 19. Kd1 (19. O-O $11) 19... Bd7 ({Besser ist} 19... exd5 $15 20. cxd5 f5) 20. N1e2 {[%cal Bc1e2,Be2g3,Bg3e4,Be4d6][%mdl 32]} exd5 21. exd5 Re7 22. Ng3 Rbe8 $2 {[#]} (22... f5 $14) 23. Nge4 $18 Bf5 (23... Rb8 {war angesagt.} 24. Bg5 (24. Nxd6 Ne8 $16) 24... Ree8 25. Nxd6 Nxf3 26. Nxe8 (26. gxf3 Bxc3 27. Nxe8 Nxe8 $16) 26... Nxe8) 24. Nxd6 Bxc2+ 25. Kxc2 Rb8 26. Nde4 Ne8 27. Nxc5 Rc8 28. N5a4 Nd7 29. Rae1 Rxe1 30. Rxe1 Bf6 31. Ne4 {Weiß steht klar auf Gewinn.} Bd8 (31... Bh4 $142 32. g3 Be7) 32. Bc3 Kf8 33. Bb4+ Kg8 34. Nec5 Nef6 35. Nxd7 Nxd7 36. Re8+ Kg7 37. Be7 {Precision: Weiß = 48%, Schwarz = 36%.} 1-0

[Event "23rd European Women Club Cup 2018"]
[Site "Halkidiki"]
[Date "2018.10.15"]
[Round "4"]
[White "Belenkaya, Dina"]
[Black "Mar, Karmen"]
[Result "1/2-1/2"]
[WhiteElo "2329"]
[BlackElo "2107"]
[Annotator "TA"]
[PlyCount "129"]
[EventDate "2018.10.12"]
[EventType "team-tourn"]
[EventCountry "GRE"]
[SourceTitle "playchess.com"]
[Source "ChessBase"]
[SourceQuality "1"]
[WhiteTeam "SSHOR"]
[BlackTeam "Maribor"]

{[%evp 10,129,22,-18,13,14,14,14,7,14,0,0,7,0,48,47,56,12,22,2,13,-25,24,17,55,0,42,43,41,0,0,0,0,-25,-34,-52,0,0,72,83,102,97,103,118,117,111,149,142,115,85,229,225,190,106,108,62,62,70,32,0,15,-40,-40,-55,177,183,415,389,427,421,406,384,647,624,739,608,814,770,937,715,1006,994,1014,1008,948,972,803,0,0,0,0,0,0,0,0,0,0,0,0,0,0,0,0,0,295,283,258,0,6,0,0,0,0,0,0,0,0,0,0,0,0,0]} 1. e4 c5 2. c3 d5 3. exd5 Qxd5 4. Nf3 Nc6 5. d4 Bg4 6. Nbd2 e6 {[%cal Rc5d4] B22: Sicilian: 2 c3} 7. Bc4 Bxf3 8. Qb3 (8. gxf3 Qh5 $15) 8... Na5 (8... Qg5 $2 9. Nxf3 Qe7 10. O-O $18) 9. Qb5+ Qd7 $1 10. Nxf3 Nxc4 11. Qxc4 Qd5 12. Qb5+ Qc6 13. Qe2 Nf6 14. Bg5 Be7 15. Ne5 {[%cal Bf3e5,Be5d3,Bd3f4][%mdl 32]} Qb6 16. O-O-O Rd8 {[%cal Rc5d4]} 17. Qc4 (17. dxc5 $14 Qxc5 18. Rxd8+ Bxd8 19. Rd1) 17... O-O (17... cxd4 {is interesting.} 18. Rxd4 O-O 19. Nd7 Rxd7 20. Rxd7 Nxd7 21. Bxe7 Re8) 18. dxc5 Qc7 $1 {[%cal Rc7e5]} 19. Nd3 (19. f4 {keeps more tension.} Bxc5 20. b4 Be3+ 21. Kc2 Rc8 22. Qxc7 Rxc7 23. Bxf6 gxf6 24. Nd7) 19... Rd5 20. Bf4 Qc8 21. b4 b6 {[%cal Rb6c5]} 22. Be3 Rfd8 ({Black should play} 22... bxc5 $15 23. bxc5 (23. Nxc5 Rfd8 $11) 23... Qc7) 23. Nf4 $11 Rxd1+ (23... bxc5 $11 24. Bxc5 (24. Nxd5 exd5 25. Qb3 cxb4 $15) 24... R5d7) 24. Rxd1 $16 Rxd1+ 25. Kxd1 bxc5 26. Bxc5 Nd7 {[%cal Rd7c5]} 27. Nd3 $1 Bf6 28. Kc2 Nb6 29. Qb5 Nd5 (29... h5 $16 {keeps fighting.}) 30. c4 $18 a6 31. Qa4 $40 {[%mdl 128] White is out for blood.} (31. Qa5 $18 Nc3 32. b5 axb5 33. cxb5) 31... Nc3 $16 32. Qb3 Qc6 33. f3 Qc7 34. Bg1 Ne2 35. Bf2 (35. b5 $11 Nxg1 36. b6) 35... Qxh2 $15 36. Qa4 {[%cal Ra4e8]} h6 $2 (36... g5 $1 $15 37. Qxa6 Qxg2 38. Qa8+ Kg7) 37. Qxa6 $18 Kh7 $2 (37... g5 {might work better.}) 38. Qb7 Nc3 {[#]} 39. f4 $1 Qh1 {( -> ...Qd1+)} 40. Be1 Nxa2 $2 (40... Nd5) 41. Qe4+ g6 42. c5 {[%cal Bc4c5,Bc5c6][%mdl 32]} Qh5 43. Qf3 Qh1 44. c6 {And now c7 would win.} Bd8 45. b5 Qg1 46. Qf2 Qh2 47. Kb2 Qh5 48. Kxa2 $2 (48. Ne5 $18) 48... Qd5+ $11 49. Ka3 Qxd3+ 50. Ka4 Qd1+ 51. Kb4 {Threatening Bc3.} Qd6+ 52. Qc5 Ba5+ $1 53. Kc4 Qxf4+ 54. Kb3 Bxe1 55. c7 Qg3+ 56. Kb2 Qxg2+ $2 {[%mdl 8192]} (56... Bf2 $11 {and Black has nothing to worry.} 57. Qc4 {[#]} Bd4+ $1 {[%mdl 512]} 58. Kc2 Qf2+ 59. Kb3 Qb2+ 60. Ka4 Qa1+ 61. Kb4 Qe1+ 62. Ka4 Qa1+ 63. Kb3 Qb1+ 64. Ka4 Qa1+) 57. Qc2 $18 Qb7 58. Qc6 $2 (58. c8=Q $18 Qxb5+ 59. Qb3 Qe5+ 60. Ka2) 58... Qc8 {The position is equal.} 59. b6 Qh8+ 60. Kb1 Qd4 ({Wrong is} 60... Qc8 $2 61. b7 $18) 61. Qc2 Qxb6+ 62. Kc1 Qe3+ 63. Kb1 Qb6+ 64. Kc1 Qe3+ 65. Kb1 {Precision: White = 63%, Black = 52%.} 1/2-1/2

[Event "23rd European Women Club Cup 2018"]
[Site "Halkidiki"]
[Date "2018.10.15"]
[Round "4"]
[White "Balajayeva, Khanim"]
[Black "Santeramo, Alessia"]
[Result "1-0"]
[WhiteElo "2326"]
[BlackElo "2054"]
[Annotator "TA"]
[PlyCount "63"]
[EventDate "2018.10.12"]
[EventType "team-tourn"]
[EventCountry "GRE"]
[SourceTitle "playchess.com"]
[Source "ChessBase"]
[SourceQuality "1"]
[WhiteTeam "Odlar Yurdu"]
[BlackTeam "Banca Alpi Marittime"]

{[%evp 25,63,15,15,0,12,7,18,8,12,14,20,3,116,115,120,107,352,352,378,405,390,376,363,318,327,333,494,504,518,536,635,673,1171,1138,1330,790,1179,1185,29998,29999]} 1. e4 e5 2. Nf3 Nc6 3. Bb5 a6 4. Ba4 Nf6 5. O-O Be7 6. Re1 b5 7. Bb3 d6 8. c3 O-O 9. d4 Bg4 10. Be3 Bh5 11. Nbd2 exd4 {C91: Closed Ruy Lopez: 7...d6 8 c3 0-0 9 d4} 12. cxd4 Na5 (12... Nb4 13. d5 Nd3 14. Rf1 Ng4 15. Bd4 Nge5 16. Bc2 Bf6 17. Kh1 Nf4 18. Bxe5 Bxe5 19. g3 {0-1 (58) Ivanchuk,V (2713)-Alekseenko,K (2609) Batumi 2018}) 13. Bc2 c5 {LiveBook: 3 Games. The position is equal.} 14. d5 Re8 15. h3 Nd7 16. g4 Bg6 17. Nh2 Bh4 18. Re2 h5 $146 {[#]} (18... Nc4 $11) ({Predecessor:} 18... Nc4 19. Nxc4 bxc4 20. Bc1 Qf6 21. Qd2 {½-½ (33) Kunzelmann,F (2503)-Sabaev,S (2464) ICCF email 2007}) 19. f4 $1 $16 hxg4 20. hxg4 Bh7 $2 (20... Bf6 $16) 21. g5 $18 f6 {[%cal Rf6g5]} 22. Nhf3 fxg5 23. fxg5 Bg3 24. Rg2 Be5 25. g6 Bxg6 (25... Bxb2 {is a better defense.} 26. gxh7+ Kh8) 26. Rxg6 Bxb2 27. Rb1 Bf6 28. Bg5 Kf7 29. Bxf6 gxf6 30. Nh4 {Intending Qh5 and mate.} Ne5 {[#]} 31. Qh5 $1 {[%mdl 512] White threatens Qh7+ and mate.} Nxg6 32. Qh7+ {Precision: White = 88%, Black = 28%.} 1-0